00791 a2200193 45000010006000000050017000060080041000230030015000640400040000790800068001192450070001870200018002572640070002753000019003455050186003640410008005501000018005587000021005763933520260407155652.0260407a arg spa d AR-UNSa-BCEJYS aAR-UNSa-BCEJYSbspacAR-UNSa-BCEJYS a519.87xModelos matemáticos para la investigación operativa10aMétodos de simulaciónpaplicacionesal análisis de problemas a84-7351-183-2 1aMadrid :bInstituto Nacional de Administración Pública (INAP) a222 p.c19 cm. a1. Introducción a la simulación - 2. La técnica de simulación - 3. Modelos de congestión de servicios - 4. Análisis estructural de sistemas - 5. Soporte de la gestión. aspa1 aBarba, Sergio1 aCasillas, Romero